CMOS Analog Circuit Design (Record no. 209395)

MARC details
000 -LEADER
fixed length control field 00478nam a2200181Ia 4500
008 - FIXED-LENGTH DATA ELEMENTS--GENERAL INFORMATION
fixed length control field 230714s9999 xx 000 0 und d
020 ## - INTERNATIONAL STANDARD BOOK NUMBER
International Standard Book Number 9780000000000
041 ## - LANGUAGE CODE
Language code of text/sound track or separate title eng
082 ## - DEWEY DECIMAL CLASSIFICATION NUMBER
Classification number 621.395
Item number ALL
100 ## - MAIN ENTRY--PERSONAL NAME
Personal name Allen P.E.
9 (RLIN) 128861
245 ## - TITLE STATEMENT
Title CMOS Analog Circuit Design
250 ## - EDITION STATEMENT
Edition statement 3rd ed.
260 ## - PUBLICATION, DISTRIBUTION, ETC. (IMPRINT)
Date of publication, distribution, etc. 2013
Name of publisher, distributor, etc. Oxford
300 ## - PHYSICAL DESCRIPTION
Extent 590
Accompanying material [OBSOLETE, CAN/MARC] Ref 1707 E (54214)
365 ## - TRADE PRICE
Currency code Rs.
Price amount 650.00
700 ## - ADDED ENTRY--PERSONAL NAME
Personal name Allen P.E. & Holberg D.R.
906 ## - LOCAL DATA ELEMENT F, LDF (RLIN)
d B:IN166811-Oct-2013
c ETC
b 3250

No items available.